| 000 | 00480nam a22001697a 4500 | ||
|---|---|---|---|
| 005 | 20250708155608.0 | ||
| 008 | 250708b |||||||| |||| 00| 0 eng d | ||
| 020 | _a9781844742424 | ||
| 050 |
_aBS2506 _b.3C37 CAP |
||
| 100 | _aCAPES B. DAVID | ||
| 245 |
_aREDISCOVERING PAUL; _bAN INTRODUCTION TO HIS WORLD, LETTERS AND THEOLOGY |
||
| 260 |
_aILLINOIS _bIVP ACADEMIC _cc2007 |
||
| 300 | _a350p | ||
| 700 | _aRODNEY REEVES | ||
| 700 | _aRICHARDS E. RANDOLPH | ||
| 942 |
_2lcc _cBK _n0 |
||
| 999 |
_c6873 _d6873 |
||